1239 1822 1736 1694 1042 1825 1331 1839 1918 1924 1894 1085 1014 1614 1909 1938 1418 1418 1089 1345 1724 1864 1474 1746 1564 1207 1614 1472 1879 1199 1902 1934 1896 1474 1464 1117 1989 1243 1685 1854 1659 1707 1355 1900 1264 1019 1237 1485 1305 1118 1779 1957 1217 1229 1189 1150 1145 1120 1035 1733 1120 1465 1706 1489 1910 1780 1843 1455 1936 1962 1768 1973 1969 1412 1113 1303 1899 1590 1718 1615 1687 1315 1129 1590 1454 1189 1664 1133 1254 1636 1691 1601 1707 1193 1270 1051 1202 1487 1136 BCNSPRNW ULIB Ver.6.0+V

เปลี่ยนเป็นภาษาไทย

Change to English
 แสดงรายละเอียดบรรณานุกรม
  กลับหน้าหลัก

Brief Record : Get Marc (ISO 2709) : E-mail record : QR code < ปิดหน้าต่าง
LEADER : 00000nam 2200000uu 4500
001    13399112333
003     ULIB
008    110627s||||||||th 000 0 tha d
020    9786160603619
090    นว.^bล711K มปป.
100 0  ลูกชุบ
245 00 Katrina obsession...รักติดชนวนร้าย/^cลูกชุบ
260    กรุงเทพฯ :^bแจ่มใส,^cมปป.
300    319 หน้า
710 1  แจ่มใส
945    ^p219^l0^i030395
995    ทศพร
999 ^a ใช้งานได้ทุกระบบ
รายการนี้ยังไม่มีแท็ก
คุณยังไม่ได้ล็อกอิน คุณสามารถมีกิจกรรมร่วมกับเว็บไซต์ได้ แต่ต้องล็อกอินก่อน ::
  ล็อกอิน

รายการสื่อสารสนเทศ

ลำดับที่ ประเภท เลขเรียก/บาร์โค้ด สถานที่ สถานะ
- ไม่พบข้อมูล -

รายการใกล้เคียง
    ผู้แต่ง [ลูกชุบ]

BibComment


ยังไม่เคยถูกคอมเมนท์

คอมเมนท์ทรัพยากรรายการนี้
  คอมเมนท์: Katrina obsession..


 Copyright 2026. Bcnsprnw @Library